Ville du Rhône en images - Statistiques

Statistiques générales
  • Ce quiz a été pris 83 fois
  • Le résultat moyen est 8 sur 18
Statistiques - réponses
Par images Hint Réponse % Correct
L Lyon
100%
V-E-V Vaulx-en-velin
83%
B Bron
82%
V Villeurbanne
81%
V Vénissieux
78%
V-S-S Villefranche-sur-Saône
74%
L'A L'Arbresle
51%
G Givors
46%
T Tarare
45%
S-S-D'O Saint-Symphorien-d'Ozon
37%
B-E-B Belleville-en-Beaujolais
27%
S-C-A-M-D'O Saint-Cyr-au-Mont-d'Or
24%
C-S Colombier-Saugnieu
23%
B Brignais
18%
C Condrieu
12%
A Anse
9%
M Mornant
8%
T Theizé
5%
Aucun quiz correspondant
Distribution des résultats
% des personnes avec chaque résultat
Percentile par nombre de réponses
Votre historique - résultats
Vous n’avez pas pris ce quiz